| 000 | 00561nam a2200205Ia 4500 | ||
|---|---|---|---|
| 005 | 20250213031216.0 | ||
| 008 | 240331s9999 xx 000 0 und d | ||
| 020 | _a0415905990 | ||
| 082 |
_bRYA _22048 _a305.42 |
||
| 100 | _aRyan, B | ||
| 245 | 0 |
_aFeminism and the Women's Movement: _bDynamics of Change in Social Movement Ideology and Activism |
|
| 260 |
_aNew York; _aLondon _bRoutledge _c1992 |
||
| 300 | _axiii, 203 p., | ||
| 650 | _aFeminism | ||
| 650 | _aWomen | ||
| 650 | _aWomen's Movement | ||
| 650 | _aEquality | ||
| 650 | _aIdeology | ||
| 942 | _cL | ||
| 999 |
_c1924 _d1924 |
||